Knowledge-based intelligent information engineering systems and allied technologies (Record no. 104545)
[ view plain ]
| 000 -LEADER | |
|---|---|
| fixed length control field | 01643nam a22003494a 4500 |
| 082 04 - DEWEY DECIMAL CLASSIFICATION NUMBER | |
| Classification number | 006.3 |
| 245 10 - TITLE STATEMENT | |
| Title | Knowledge-based intelligent information engineering systems and allied technologies |
| 260 ## - PUBLICATION, DISTRIBUTION, ETC. (IMPRINT) | |
| Place of publication | Amsterdam ; |
| -- | Washington, DC : |
| Name of publisher | IOS Press/Ohmsha, |
| Year of publication | c2002. |
| 300 ## - PHYSICAL DESCRIPTION | |
| Number of Pages | 2 pts. (1576 p.) : |
| Other physical details | ill. |
| 490 1# - SERIES STATEMENT | |
| Series statement | Frontiers in artificial intelligence and applications ; |
| 650 #0 - SUBJECT ADDED ENTRY--TOPICAL TERM | |
| Topical Term | Electronic apparatus and appliances |
| Topical Term | Artificial intelligence |
| Topical Term | Expert systems (Computer science) |
| 700 1# - ADDED ENTRY--PERSONAL NAME | |
| Personal name | Damiani, Ernesto. |
| 856 40 - ELECTRONIC LOCATION AND ACCESS | |
| Uniform Resource Identifier | http://site.ebrary.com/lib/rucke/Doc?id=10116502 |
No items available.
